[Event "33rd Leon Blitz Open 2020"]
[Site "chess.com INT"]
[Date "2020.07.14"]
[Round "10"]
[White "Vinter-Schou, Uffe"]
[Black "Xu, Yuanyuan"]
[Result "1-0"]
[WhiteTitle "IM"]
[BlackTitle "WGM"]
[WhiteElo "2349"]
[BlackElo "2317"]
[WhiteFideId "1400568"]
[BlackFideId "8601089"]
[EventDate "2020.07.14"]
[EventType "blitz"]

1. e4 c6 2. d4 d5 3. e5 c5 4. dxc5 e6 5. a3 Bxc5 6. Nf3 Ne7 7. Bd3 Ng6 8. O-O
O-O 9. Re1 Nc6 10. b4 Be7 11. Bb2 Nf4 12. c4 Nxd3 13. Qxd3 dxc4 14. Qxc4 Qb6 15.
Nc3 Bd7 16. Rad1 Rfd8 17. Qg4 Rac8 18. Ne4 Kh8 19. Nfg5 Bxg5 20. Nxg5 Be8 21.
Rd6 Qc7 22. Red1 Qe7 23. h4 h6 24. Ne4 Rd7 25. Nf6 Rdd8 26. Nh5 Qf8 27. R1d3 g6
28. Nf6 Qg7 29. h5 g5 30. Qe4 Rb8 31. Qxc6 bxc6 32. Rxd8 Rxd8 33. Rxd8 Qf8 34.
Rxe8 Qxe8 35. Nxe8 Kg8 36. Bd4 Kf8 37. Nf6 Ke7 38. Bc5+ Kd8 39. Bf8 Kc7 40. Bxh6
Kb6 41. Bxg5 Kb5 42. h6 Ka4 43. h7 Kxa3 44. h8=Q Kxb4 45. Qb8+ Kc4 46. Qxa7 c5
47. Be3 Kd3 48. Qxc5 Ke2 49. Qc2+ Ke1 50. Qd2# 1-0

[Event "33rd Leon Blitz Open 2020"]
[Site "chess.com INT"]
[Date "2020.07.14"]
[Round "10"]
[White "Le, Tuan Minh"]
[Black "Ponkratov, Pavel"]
[Result "0-1"]
[WhiteTitle "IM"]
[BlackTitle "GM"]
[WhiteElo "2501"]
[BlackElo "2631"]
[WhiteFideId "12401153"]
[BlackFideId "4157800"]
[EventDate "2020.07.14"]
[EventType "blitz"]

1. d4 Nf6 2. Nf3 e6 3. Bf4 c5 4. c3 Nc6 5. e3 Qb6 6. Qc2 Nh5 7. Bg3 Nxg3 8. hxg3
h6 9. Nbd2 d5 10. g4 Bd7 11. g5 g6 12. Bd3 O-O-O 13. dxc5 Qxc5 14. O-O-O Bg7 15.
Nb3 Qe7 16. gxh6 Rxh6 17. Rhe1 f5 18. Bb5 Kb8 19. Bxc6 Bxc6 20. Nfd4 Bd7 21. f4
e5 22. fxe5 Qxe5 23. Nc5 Qd6 24. Nxd7+ Qxd7 25. Kb1 Rh4 26. Nf3 Re4 27. Rd3 Qe7
28. Qd2 Qc5 29. Rd1 a6 30. Qf2 Ka7 31. Qg3 Rd6 32. Nd2 Rg4 33. Qf3 Re4 34. a3
Rb6 35. Ka2 Qb5 36. Rb1 Qxd3 37. Nxe4 dxe4 0-1

[Event "33rd Leon Blitz Open 2020"]
[Site "chess.com INT"]
[Date "2020.07.14"]
[Round "10"]
[White "Narayanan, S.L."]
[Black "Puranik, Abhimanyu"]
[Result "0-1"]
[WhiteTitle "GM"]
[BlackTitle "GM"]
[WhiteElo "2618"]
[BlackElo "2584"]
[WhiteFideId "5058422"]
[BlackFideId "5061245"]
[EventDate "2020.07.14"]
[EventType "blitz"]

1. e4 e6 2. d4 d5 3. Bd3 dxe4 4. Bxe4 Nf6 5. Bf3 c5 6. Ne2 Nc6 7. Be3 Nd5 8.
Bxd5 Qxd5 9. Nbc3 Qc4 10. b3 Qa6 11. dxc5 Be7 12. O-O O-O 13. Ng3 Qa5 14. Nce4
f5 15. Nd6 f4 16. Bd2 Qxc5 17. Nge4 Qd5 18. c4 Qd4 19. Bc3 Qxd1 20. Raxd1 f3 21.
g3 e5 22. Rd3 Bh3 23. Rfd1 Rab8 24. b4 a6 25. b5 axb5 26. cxb5 Nd8 27. Bxe5 Ra8
28. Nc3 Ne6 29. Nxb7 Bg2 30. h4 Rf5 31. Re3 Rh5 32. Bd6 Bxh4 33. g4 Rh6 34. Rdd3
Ng5 35. Bh2 Nh3# 0-1

[Event "33rd Leon Blitz Open 2020"]
[Site "chess.com INT"]
[Date "2020.07.14"]
[Round "10"]
[White "Jakubowski, Krzysztof"]
[Black "Moiseenko, Alexander"]
[Result "0-1"]
[WhiteTitle "GM"]
[BlackTitle "GM"]
[WhiteElo "2481"]
[BlackElo "2620"]
[WhiteFideId "1112848"]
[BlackFideId "14102560"]
[EventDate "2020.07.14"]
[EventType "blitz"]

1. e4 c5 2. d3 Nc6 3. g3 g6 4. Bg2 Bg7 5. f4 Nf6 6. Nf3 d6 7. O-O O-O 8. Nbd2 b5
9. h3 Rb8 10. g4 a5 11. a3 b4 12. axb4 cxb4 13. Kh1 Ba6 14. Qe1 Bb5 15. Rf2 a4
16. d4 Qb6 17. e5 Nd5 18. Ne4 dxe5 19. dxe5 Rfd8 20. Rd2 Na5 21. Rd4 Nc6 22. Rd1
Na5 23. Bd2 Nc4 24. Bxb4 Nxf4 25. Rxd8+ Rxd8 26. Bxe7 Re8 27. Nf6+ Bxf6 28. exf6
Nxg2 29. Kxg2 Bc6 30. Kg3 Qxb2 31. Rd1 a3 32. Bxa3 Qb8+ 0-1

[Event "33rd Leon Blitz Open 2020"]
[Site "chess.com INT"]
[Date "2020.07.14"]
[Round "10"]
[White "Postny, Evgeny"]
[Black "Sliwicki, Damian"]
[Result "1-0"]
[WhiteTitle "GM"]
[BlackTitle "CM"]
[WhiteElo "2600"]
[BlackElo "2180"]
[WhiteFideId "2804344"]
[BlackFideId "1127128"]
[EventDate "2020.07.14"]
[EventType "blitz"]

1. e4 c5 2. d4 cxd4 3. c3 g6 4. cxd4 Bg7 5. Nc3 d6 6. h3 Nf6 7. Nf3 O-O 8. Be2
b6 9. O-O Bb7 10. Bd3 Nc6 11. Be3 Rc8 12. a3 d5 13. e5 Ne8 14. h4 e6 15. h5 Ne7
16. g3 Nf5 17. Bf4 f6 18. hxg6 hxg6 19. exf6 Nxf6 20. Qe2 Qe7 21. Rae1 Rfe8 22.
Be5 a6 23. Bxa6 Bxa6 24. Qxa6 Rxc3 25. bxc3 Ne4 26. Qxb6 Bxe5 27. Nxe5 Qg5 28.
Qc6 Re7 29. Rxe4 dxe4 30. Qxe4 Rh7 31. Qa8+ Kg7 32. Qb7+ Kh6 33. Nf7+ Rxf7 34.
Qxf7 Nxg3 35. Qf8+ Kh7 36. Qf7+ Kh6 37. Qf3 Nxf1+ 38. Kxf1 Qc1+ 39. Kg2 Qxa3 40.
c4 Qd6 41. c5 1-0

[Event "33rd Leon Blitz Open 2020"]
[Site "chess.com INT"]
[Date "2020.07.14"]
[Round "10"]
[White "Fajdetic, Hrvoje"]
[Black "Herrera Reyes, Jose Antonio"]
[Result "0-1"]
[WhiteTitle "CM"]
[BlackTitle "FM"]
[WhiteElo "2151"]
[BlackElo "2304"]
[WhiteFideId "14501945"]
[BlackFideId "2274914"]
[EventDate "2020.07.14"]
[EventType "blitz"]

1. d4 f6 2. e4 g6 3. h4 h5 4. Bd3 d6 5. e5 Kf7 6. Nf3 Bg4 7. c3 Nc6 8. e6+ Kg7
9. d5 Ne5 10. Be2 c6 11. Nxe5 Bxe2 12. Nxc6 bxc6 13. Qxe2 cxd5 14. O-O Nh6 15.
Bxh6+ Rxh6 16. Rd1 Qa5 17. b4 Qc7 18. Rxd5 Kg8 19. c4 Rc8 20. c5 dxc5 21. Rxc5
Qb7 22. Rxc8 Qxc8 23. Nd2 Qc3 24. Rd1 Qxb4 25. Nf3 Rh8 26. Rd8 Kh7 27. Rd7 Qb1+
28. Kh2 Qf5 29. Rxa7 Qf4+ 30. g3 Qc1 31. Nd4 Qc5 32. Rd7 Bg7 33. Nb5 Rb8 34. a4
f5 35. Qe3 Qb4 36. Qa7 Re8 37. Nc7 Bd4 38. Nxe8 Bxa7 39. Rxa7 Qc5 40. Rc7 Qxf2+
41. Kh3 Qf1+ 42. Kh2 Qe2+ 43. Kh3 Qg4+ 44. Kh2 Qb4 45. Nf6+ Kg7 46. Ne8+ Kf8 47.
Rc8 Qxa4 48. Nd6+ Kg7 49. Nf7 Kf6 50. Ng5 Ke5 51. Rf8 Kd4 52. Rf7 Qa3 53. Kh3
Ke3 54. Rg7 Kf2 55. Rxg6 Qxg3# 0-1

[Event "33rd Leon Blitz Open 2020"]
[Site "chess.com INT"]
[Date "2020.07.14"]
[Round "10"]
[White "Mrudul, Dehankar"]
[Black "Idrisova, Roza"]
[Result "0-1"]
[WhiteTitle "WIM"]
[BlackTitle "WFM"]
[WhiteElo "2256"]
[BlackElo "1960"]
[WhiteFideId "25096990"]
[BlackFideId "4146662"]
[EventDate "2020.07.14"]
[EventType "blitz"]

1. e4 c6 2. d4 d5 3. Nd2 Nh6 4. Ngf3 g6 5. e5 Bg7 6. Bd3 f6 7. O-O O-O 8. Re1
Bf5 9. Nf1 Bxd3 10. Qxd3 Nf7 11. exf6 exf6 12. Bf4 Na6 13. c3 Qd7 14. Re2 Rfe8
15. Rae1 Rxe2 16. Qxe2 Bf8 17. Qe6 Qxe6 18. Rxe6 Kg7 19. Ne3 h5 20. h4 Rc8 21.
g4 Nc7 22. Bxc7 Rxc7 23. gxh5 gxh5 24. Nh2 Kg6 25. Nhf1 Re7 26. Rxe7 Bxe7 27.
Ng3 Nd6 28. Ng2 f5 29. Nf4+ Kh6 30. Ngxh5 Bxh4 31. Ng3 Bg5 32. Ne6 Bc1 33. b3
Kg6 34. Nc5 Bb2 35. Ne2 Ne4 36. Nxe4 fxe4 37. Kg2 Kf5 38. Kg3 b6 39. a4 Ba3 40.
f3 Bd6+ 41. Kf2 a6 42. Ke3 exf3 43. Kxf3 b5 44. Ke3 c5 0-1

[Event "33rd Leon Blitz Open 2020"]
[Site "chess.com INT"]
[Date "2020.07.14"]
[Round "10"]
[White "Idrisov, Ildar F"]
[Black "Tanaka, Taira Tyler"]
[Result "1/2-1/2"]
[WhiteTitle "FM"]
[BlackTitle "CM"]
[WhiteElo "2282"]
[BlackElo "2107"]
[WhiteFideId "4151020"]
[BlackFideId "7002351"]
[EventDate "2020.07.14"]
[EventType "blitz"]

1. Nf3 Nf6 2. b3 g6 3. Bb2 Bg7 4. c4 O-O 5. g3 b6 6. Bg2 Bb7 7. O-O c5 8. d4
cxd4 9. Nxd4 Bxg2 10. Kxg2 Nc6 11. Nc3 Qc8 12. Nd5 Nxd5 13. cxd5 Nxd4 14. Bxd4
Bxd4 15. Qxd4 Qb7 16. Rac1 Rfc8 17. e4 Rxc1 18. Rxc1 Rc8 19. Rc4 Rxc4 20. Qxc4
h5 21. h4 Kg7 22. Qd4+ Kh7 23. Qc4 Qb8 24. f4 e6 25. a4 Qd6 26. Kf3 a5 27. e5
Qa3 28. d6 Qa1 29. Qc7 Qf1+ 30. Ke3 Qe1+ 31. Kd4 Qd2+ 32. Ke4 Qd5+ 33. Ke3 Qxb3+
34. Kf2 Qxa4 35. Qxb6 Qc2+ 36. Kg1 a4 37. Qa7 Qb1+ 38. Kh2 Qc2+ 39. Kh3 Qc6 40.
Kh2 Qb5 41. Kh3 Qf1+ 42. Kh2 Qe2+ 43. Kh3 Qf1+ 44. Kh2 Qd3 45. Qxa4 Qe2+ 46. Kh3
Qg4+ 47. Kh2 Qe2+ 48. Kh3 Qf1+ 49. Kh2 Qf3 50. Qxd7 Qf2+ 51. Kh1 Qf1+ 52. Kh2
Qf2+ 53. Kh1 Qf1+ 54. Kh2 Qf2+ 1/2-1/2

[Event "33rd Leon Blitz Open 2020"]
[Site "chess.com INT"]
[Date "2020.07.14"]
[Round "10"]
[White "Kuzubov, Yuriy"]
[Black "Antipov, Mikhail Al."]
[Result "0-1"]
[WhiteTitle "GM"]
[BlackTitle "GM"]
[WhiteElo "2643"]
[BlackElo "2584"]
[WhiteFideId "14112906"]
[BlackFideId "4107012"]
[EventDate "2020.07.14"]
[EventType "blitz"]

1. d4 Nf6 2. c4 g6 3. Nc3 d5 4. Bg5 Bg7 5. Bxf6 Bxf6 6. cxd5 c5 7. dxc5 Nd7 8.
e3 O-O 9. Nf3 Nxc5 10. Nd4 Qb6 11. Qd2 Rd8 12. Be2 Bd7 13. O-O Na4 14. Nxa4 Bxa4
15. Bf3 Rac8 16. Rac1 h5 17. h3 a5 18. Rc3 Kg7 19. Rfc1 Bd7 20. Rxc8 Rxc8 21.
Rxc8 Bxc8 22. Qc3 Bd7 23. a3 Kg8 24. b4 axb4 25. axb4 Be5 26. Be2 Bd6 27. b5 Be5
28. Qb4 Qf6 29. Qc3 Kh7 30. Kf1 Qb6 31. Qb4 Bd6 32. Qc3 Be5 33. Qb4 Bf6 34. Kg1
Qa7 35. Qc3 Be5 36. h4 Qa2 37. Bc4 Qb1+ 0-1

[Event "33rd Leon Blitz Open 2020"]
[Site "chess.com INT"]
[Date "2020.07.14"]
[Round "10"]
[White "Amin, Bassem"]
[Black "Bluebaum, Matthias"]
[Result "1/2-1/2"]
[WhiteTitle "GM"]
[BlackTitle "GM"]
[WhiteElo "2686"]
[BlackElo "2647"]
[WhiteFideId "10601457"]
[BlackFideId "24651516"]
[EventDate "2020.07.14"]
[EventType "blitz"]

1. e4 e6 2. d3 d5 3. Qe2 Nc6 4. Nf3 e5 5. g3 Nf6 6. Bg2 dxe4 7. dxe4 Bc5 8. O-O
O-O 9. h3 a5 10. Rd1 Qe7 11. c3 b6 12. Nh4 Ba6 13. Qf3 Rfd8 14. Bg5 Rxd1+ 15.
Qxd1 h6 16. Nf5 Qe6 17. Be3 Rd8 18. Qe1 Bxe3 19. Nxe3 Qd6 20. Na3 Qd2 21. Qxd2
Rxd2 22. Nac4 Rd8 23. a4 Kf8 24. f3 Nd7 25. Bf1 Nc5 26. Nd5 Bxc4 27. Bxc4 Ne7
28. Nxc7 Rd2 29. b4 Nd3 30. Na8 axb4 31. Bxd3 Rxd3 32. cxb4 Nc6 33. b5 Nd4 34.
Nxb6 Rd2 35. Ra3 Rb2 36. Nd7+ Ke7 37. Nxe5 Rb1+ 38. Kf2 Rb2+ 39. Kf1 Rb1+ 40.
Kf2 Rb2+ 41. Kf1 Rb1+ 42. Kf2 1/2-1/2

[Event "33rd Leon Blitz Open 2020"]
[Site "chess.com INT"]
[Date "2020.07.14"]
[Round "10"]
[White "Klekowski, Maciej"]
[Black "Bodnar, Nikolay"]
[Result "0-1"]
[WhiteTitle "GM"]
[BlackTitle "IM"]
[WhiteElo "2506"]
[BlackElo "2424"]
[WhiteFideId "1132717"]
[BlackFideId "14106469"]
[EventDate "2020.07.14"]
[EventType "blitz"]

1. b4 d5 2. Bb2 Bg4 3. h3 Bh5 4. Nf3 Nd7 5. g4 Bg6 6. d3 e6 7. a3 h5 8. Nbd2
hxg4 9. Ng1 g3 10. Ngf3 gxf2+ 11. Kxf2 Ngf6 12. Rg1 c5 13. Ng5 cxb4 14. axb4
Bxb4 15. Ndf3 Qb6+ 16. e3 Bc5 17. Bd4 e5 18. Rb1 Qc7 19. Bxc5 Nxc5 20. Rg3 O-O-O
21. Qd2 e4 22. Nd4 a6 23. Kg2 Rh5 24. Be2 Rh4 25. Qb4 Bh5 26. Nf5 Bxe2 27. Nxh4
exd3 28. cxd3 Bxd3 29. Rc1 Bc4 30. Nf5 Nd3 31. Ne7+ Kb8 32. Rxc4 dxc4 33. Qa3
Rd7 34. Nf5 Qc6+ 35. Kh2 Qd5 36. Nd4 Nh5 37. Rg2 Qe5+ 38. Kh1 Qxe3 39. Ngf3 Nf2+
40. Kh2 Qxa3 0-1

[Event "33rd Leon Blitz Open 2020"]
[Site "chess.com INT"]
[Date "2020.07.14"]
[Round "10"]
[White "Henderson de La Fuente, Lance"]
[Black "Demchenko, Anton"]
[Result "1-0"]
[WhiteTitle "GM"]
[BlackTitle "GM"]
[WhiteElo "2491"]
[BlackElo "2641"]
[WhiteFideId "32096585"]
[BlackFideId "4160258"]
[EventDate "2020.07.14"]
[EventType "blitz"]

1. d4 Nf6 2. Nf3 g6 3. Nbd2 Bg7 4. e4 d6 5. Bd3 O-O 6. O-O c5 7. c3 cxd4 8. cxd4
Nc6 9. Re1 e5 10. d5 Nb4 11. Bb1 a5 12. a3 Na6 13. a4 Nc5 14. Nc4 b6 15. Be3 Ng4
16. Bxc5 bxc5 17. h3 Nh6 18. Bd3 f5 19. Qd2 Nf7 20. Ra3 Bd7 21. Qc2 fxe4 22.
Bxe4 Rb8 23. Rd3 Bh6 24. b3 Rb4 25. Nh2 Qc7 26. Rg3 Bf4 27. Bxg6 Bxg3 28. Bxh7+
Kh8 29. fxg3 Qd8 30. Nf3 Qf6 31. Be4 Ng5 32. Nxg5 Qxg5 33. Kh2 Qh6 34. Re2 Rf1
35. Rf2 Rc1 36. Qd3 Bxa4 37. Qf3 Bxb3 38. Nxd6 Qxd6 39. Qh5+ Kg8 40. Qh7# 1-0

[Event "33rd Leon Blitz Open 2020"]
[Site "chess.com INT"]
[Date "2020.07.14"]
[Round "10"]
[White "Harsha, Bharathakoti"]
[Black "Srihari, L R"]
[Result "1-0"]
[WhiteTitle "GM"]
[BlackTitle "FM"]
[WhiteElo "2509"]
[BlackElo "2414"]
[WhiteFideId "5078776"]
[BlackFideId "46617116"]
[EventDate "2020.07.14"]
[EventType "blitz"]

1. d4 d5 2. c4 e6 3. Nf3 c5 4. cxd5 exd5 5. Nc3 Nc6 6. e3 Nf6 7. Bb5 Bd6 8. dxc5
Bxc5 9. O-O O-O 10. b3 Bg4 11. Bb2 a6 12. Bxc6 bxc6 13. Rc1 Bd6 14. Ne2 Bxf3 15.
gxf3 Rc8 16. Qd3 Re8 17. Ng3 Be5 18. Bxe5 Rxe5 19. Qxa6 Qd7 20. Kg2 h5 21. h4
Ree8 22. Qd3 g6 23. Qd4 Qe7 24. Rfd1 c5 25. Qf4 Qe6 26. Rd2 c4 27. Rdc2 cxb3 28.
Rxc8 Rxc8 29. Rxc8+ Qxc8 30. axb3 Qc6 31. Ne2 Kg7 32. Nd4 Qc3 33. Qe5 Qb4 34. f4
Qb6 35. f5 Kh7 36. fxg6+ fxg6 37. Ne6 d4 38. Qxf6 Qb7+ 39. f3 dxe3 40. Ng5+ Kg8
41. Qxg6+ Kf8 42. Ne6+ Ke7 43. Qg7+ Kd6 44. Qxb7 e2 45. Qb6+ Ke5 46. Qe3+ Kf5
47. Qxe2 Kf6 48. Ng5 Kf5 49. Qe6+ Kf4 50. Qe4# 1-0

[Event "33rd Leon Blitz Open 2020"]
[Site "chess.com INT"]
[Date "2020.07.14"]
[Round "10"]
[White "Leenhouts, Koen"]
[Black "Vaibhav, Suri"]
[Result "0-1"]
[WhiteTitle "IM"]
[BlackTitle "GM"]
[WhiteElo "2414"]
[BlackElo "2600"]
[WhiteFideId "1008439"]
[BlackFideId "5045185"]
[EventDate "2020.07.14"]
[EventType "blitz"]

1. d4 Nf6 2. c4 b6 3. Nc3 Bb7 4. d5 e6 5. Nf3 Bb4 6. Bg5 h6 7. Bxf6 Qxf6 8. Rc1
O-O 9. a3 Bxc3+ 10. Rxc3 a5 11. e3 Na6 12. Be2 Nc5 13. O-O d6 14. Rc2 a4 15. Qd2
Rfe8 16. Rd1 Re7 17. Qd4 e5 18. Qc3 Bc8 19. Nd2 g5 20. e4 Qg6 21. Qe3 f5 22. f3
f4 23. Qf2 h5 24. Kh1 Bd7 25. Rg1 Kh7 26. g3 Qf6 27. Rcc1 Rf8 28. g4 hxg4 29.
fxg4 Kg7 30. Qf3 Rh8 31. Bf1 Rh4 32. h3 Kg8 33. Re1 Reh7 34. Re2 Qg6 35. Rh2
R7h6 36. Rgg2 Qh7 37. Rg1 Be8 38. Bg2 Bg6 39. Re1 Be8 40. Qf1 Rxg4 41. hxg4
Rxh2+ 42. Kg1 Rh4 43. Qf3 Bd7 0-1

[Event "33rd Leon Blitz Open 2020"]
[Site "chess.com INT"]
[Date "2020.07.14"]
[Round "10"]
[White "Elgersma, Onno"]
[Black "Sengupta, Deep"]
[Result "1-0"]
[WhiteTitle "FM"]
[BlackTitle "GM"]
[WhiteElo "2298"]
[BlackElo "2527"]
[WhiteFideId "1053531"]
[BlackFideId "5008352"]
[EventDate "2020.07.14"]
[EventType "blitz"]

1. e4 e5 2. Nf3 Nc6 3. Bb5 Nf6 4. Nc3 Nd4 5. Bc4 Bc5 6. O-O O-O 7. Nxe5 d6 8.
Nf3 Bg4 9. Be2 Nxe2+ 10. Qxe2 Re8 11. d3 d5 12. Bg5 dxe4 13. dxe4 h6 14. Rad1
Bd6 15. Bh4 g5 16. Bg3 Nh5 17. Bxd6 cxd6 18. Qd3 Qf6 19. Qxd6 Re6 20. Qd3 Nf4
21. Qe3 Rae8 22. Rde1 Qg6 23. Nd4 Re5 24. f3 Bd7 25. Qf2 f5 26. exf5 Bxf5 27.
Rxe5 Rxe5 28. Re1 Rxe1+ 29. Qxe1 Qb6 30. Qe3 Bg6 31. b3 Qc5 32. Kf2 Bf7 33. Ne4
Qb6 34. Nf5 Qe6 35. g4 Bg6 36. Nxh6+ Kh7 37. Nxg5+ Kxh6 38. Nxe6 1-0

[Event "33rd Leon Blitz Open 2020"]
[Site "chess.com INT"]
[Date "2020.07.14"]
[Round "10"]
[White "Trickov, Vasil"]
[Black "Das, Arghyadip"]
[Result "1-0"]
[WhiteTitle "IM"]
[BlackTitle "IM"]
[WhiteElo "2302"]
[BlackElo "2453"]
[WhiteFideId "311103"]
[BlackFideId "5003610"]
[EventDate "2020.07.14"]
[EventType "blitz"]

1. d4 Nf6 2. Nf3 g6 3. c4 Bg7 4. g3 O-O 5. Bg2 d6 6. Nc3 Nbd7 7. O-O e5 8. Qc2
exd4 9. Nxd4 Re8 10. Rd1 Nc5 11. e4 Bd7 12. h3 h6 13. Be3 Qe7 14. Re1 Nfxe4 15.
Nd5 Qd8 16. b4 Ba4 17. Qb1 c6 18. bxc5 cxd5 19. cxd6 Qxd6 20. Qxb7 Rab8 21. Qxd5
Qxd5 22. cxd5 Nxg3 23. Nc6 Bxc6 24. dxc6 Bxa1 25. Rxa1 Nf5 26. Bxa7 Rb2 27. a4
Nh4 28. c7 Nxg2 29. Kxg2 Rc8 30. Bb8 Kf8 31. a5 Ke8 32. a6 Rbxb8 33. cxb8=Q Rxb8
34. a7 Ra8 35. Ra6 Kd7 36. Kf3 Kc7 37. Rf6 Rxa7 38. Rxf7+ Kb6 39. Rxa7 Kxa7 40.
Kf4 Kb6 41. Ke5 Kc6 42. Kf6 1-0

[Event "33rd Leon Blitz Open 2020"]
[Site "chess.com INT"]
[Date "2020.07.14"]
[Round "10"]
[White "Buksa, Nataliya"]
[Black "Primbetov, Kazbek"]
[Result "0-1"]
[WhiteTitle "IM"]
[BlackTitle "FM"]
[WhiteElo "2410"]
[BlackElo "2207"]
[WhiteFideId "14123622"]
[BlackFideId "13702297"]
[EventDate "2020.07.14"]
[EventType "blitz"]

1. d4 Nf6 2. Nc3 d5 3. Bf4 g6 4. e3 Bg7 5. h4 c5 6. Nf3 cxd4 7. exd4 Nc6 8. Ne5
Qb6 9. Na4 Qxd4 10. Qxd4 Nxd4 11. O-O-O Ne6 12. Bb5+ Kf8 13. Bg5 a6 14. Nb6 Rb8
15. Be2 Nxg5 16. hxg5 Ne4 17. Ned7+ Bxd7 18. Nxd7+ Ke8 19. Nxb8 e6 20. Rhf1 Ke7
21. Nxa6 bxa6 22. Bxa6 Nxg5 23. a4 Ra8 24. Bb5 Ne4 25. b3 Nc3 26. Rde1 Nxb5 27.
axb5 Bc3 28. Kd1 Bxe1 29. Rxe1 Kd6 30. Kd2 Kc5 31. Rh1 h5 32. f3 Kxb5 33. g4 Rh8
34. Rh4 e5 35. Kd3 f6 36. c3 Kc5 37. b4+ Kb5 38. gxh5 Rxh5 39. Rg4 g5 40. Rg1
Rh3 41. Ra1 Rxf3+ 42. Kd2 d4 43. Ra5+ Kb6 44. cxd4 exd4 45. Rd5 d3 46. Kc3 g4
47. Kc4 g3 48. Rd6+ Kc7 49. Rd4 f5 50. b5 g2 51. Rd5 g1=Q 52. Re5 d2 53. b6+
Qxb6 54. Re7+ Kd6 55. Re6+ Kc7 56. Re7+ Kd8 57. Re5 Qb3+ 58. Kc5 Qc3+ 59. Kd6
Qxe5+ 60. Kxe5 d1=Q 61. Kf6 Qd7 62. Kg5 f4 63. Kf6 Re3 64. Kg6 f3 65. Kg5 f2 66.
Kg6 f1=Q 67. Kg5 Rg3+ 68. Kh6 Qfh3# 0-1

[Event "33rd Leon Blitz Open 2020"]
[Site "chess.com INT"]
[Date "2020.07.14"]
[Round "10"]
[White "Svane, Rasmus"]
[Black "Kotsur, Pavel"]
[Result "1-0"]
[WhiteTitle "GM"]
[BlackTitle "GM"]
[WhiteElo "2613"]
[BlackElo "2517"]
[WhiteFideId "4657101"]
[BlackFideId "13700278"]
[EventDate "2020.07.14"]
[EventType "blitz"]

1. Nf3 c5 2. c4 Nc6 3. Nc3 Nf6 4. g3 d5 5. cxd5 Nxd5 6. Bg2 Nc7 7. a3 e5 8. b4
f6 9. Rb1 cxb4 10. axb4 Bf5 11. b5 Na5 12. Ra1 Nc4 13. Nh4 Bc8 14. e3 Nd6 15.
O-O Be6 16. d4 exd4 17. exd4 Be7 18. Re1 Qd7 19. Qe2 Bc4 20. Qe3 Kf7 21. Ba3
Rhe8 22. Qf4 g5 23. Qf3 gxh4 24. Qh5+ Kg7 25. Qxh4 Ncxb5 26. Nxb5 Nxb5 27. Bh3
Qd8 28. Bf5 Bg8 29. Bc1 Kh8 30. Bh6 Nd6 31. Bd3 Nf7 32. Bf4 Bf8 33. Rxe8 Qxe8
34. Ra5 Bg7 35. Rh5 h6 36. Bxh6 Bxh6 37. Rxh6+ Kg7 38. Qxf6+ Kf8 39. Rg6 Qe7 40.
Qg7+ Ke8 41. Qxg8+ Kd7 42. Qxa8 1-0

[Event "33rd Leon Blitz Open 2020"]
[Site "chess.com INT"]
[Date "2020.07.14"]
[Round "10"]
[White "Munkhzul, Turmunkh"]
[Black "Ramoutar, Alan-Safar"]
[Result "1/2-1/2"]
[WhiteTitle "WIM"]
[BlackTitle "IM"]
[WhiteElo "2278"]
[BlackElo "2305"]
[WhiteFideId "4901878"]
[BlackFideId "7704224"]
[EventDate "2020.07.14"]
[EventType "blitz"]

1. e4 c5 2. Nf3 g6 3. d4 cxd4 4. Nxd4 Nc6 5. c4 Nf6 6. Nc3 Nxd4 7. Qxd4 d6 8.
Be2 Bg7 9. Be3 O-O 10. Qd2 a5 11. O-O a4 12. Bd4 Bd7 13. c5 dxc5 14. Bxc5 Bc6
15. Qe3 Nd7 16. Rfd1 Re8 17. Bd4 Bxd4 18. Rxd4 Qb6 19. Rad1 Nc5 20. Rc4 Nd7 21.
Qxb6 Nxb6 22. Rcd4 e5 23. Rd6 Nc8 24. Rd8 Kf8 25. Bb5 Bxb5 26. Nxb5 Nb6 27. R8d6
Nc4 28. Rd7 Nxb2 29. Rb1 Red8 30. Rxb7 Nc4 31. Nc7 Rac8 32. f3 Na5 33. Ra7 Nc6
34. Rab7 Na5 35. R7b5 Rxc7 36. Rxa5 Rc2 37. Rd5 Rxd5 38. exd5 Rxa2 39. Rb7 Rd2
40. Ra7 Rd4 41. Kf2 Rxd5 42. Rxa4 Kg7 43. Ra6 Rd2+ 44. Kg3 f5 45. h4 Rd4 46. Re6
Rd5 47. Kf2 Kf7 48. Ra6 e4 49. fxe4 fxe4 50. Ke3 Re5 51. g3 Re7 52. g4 h6 53.
Rb6 Ra7 54. Kxe4 Ra4+ 55. Kf3 Ra3+ 56. Kf4 Ra4+ 57. Kf3 Ra3+ 58. Kf4 Ra4+ 59.
Kf3 1/2-1/2

[Event "33rd Leon Blitz Open 2020"]
[Site "chess.com INT"]
[Date "2020.07.14"]
[Round "10"]
[White "Bykhovsky, Anatoly"]
[Black "Azarov, Sergei"]
[Result "1-0"]
[WhiteTitle "GM"]
[BlackTitle "GM"]
[WhiteElo "2496"]
[BlackElo "2604"]
[WhiteFideId "2806991"]
[BlackFideId "13501470"]
[EventDate "2020.07.14"]
[EventType "blitz"]

1. Nf3 Nf6 2. g3 e6 3. Bg2 d5 4. O-O Be7 5. b3 O-O 6. Bb2 b6 7. d4 Bb7 8. c4
Nbd7 9. Nc3 c5 10. cxd5 Nxd5 11. Nxd5 Bxd5 12. Rc1 Bf6 13. Qc2 cxd4 14. Nxd4
Bxg2 15. Kxg2 Bxd4 16. Bxd4 Rc8 17. Qb2 Qg5 18. e4 Nc5 19. h4 Qg6 20. Bxc5 bxc5
21. Rc4 f5 22. Rfc1 f4 23. Rxc5 Rxc5 24. Rxc5 Qxe4+ 25. f3 Qe3 26. Re5 Qb6 27.
g4 Rd8 28. Re2 Qd6 29. Qc2 Kf7 30. Qxh7 Qd3 31. Qxd3 Rxd3 32. g5 a5 33. Re4 Rd2+
34. Kh3 Rxa2 35. Rxf4+ Kg6 36. Re4 Kf5 37. Ra4 Rb2 38. Rxa5+ e5 39. Ra7 Rxb3 40.
Rxg7 Rxf3+ 41. Kg2 Kg4 42. Rh7 e4 43. g6 Rf6 44. h5 1-0

[Event "33rd Leon Blitz Open 2020"]
[Site "chess.com INT"]
[Date "2020.07.14"]
[Round "10"]
[White "Tregubov, Pavel V."]
[Black "Nguyen, Thanh Thuy Tien"]
[Result "1-0"]
[WhiteTitle "GM"]
[BlackTitle "WIM"]
[WhiteElo "2560"]
[BlackElo "1971"]
[WhiteFideId "4115341"]
[BlackFideId "12400998"]
[EventDate "2020.07.14"]
[EventType "blitz"]

1. e4 c5 2. Nf3 d6 3. c3 Nf6 4. Be2 g6 5. O-O Bg7 6. Bb5+ Nbd7 7. Re1 O-O 8. d4
a6 9. Bf1 b5 10. a4 Bb7 11. d5 Qb6 12. axb5 axb5 13. Rxa8 Rxa8 14. Na3 e6 15.
dxe6 fxe6 16. Bxb5 Rxa3 17. Bxd7 Nxd7 18. bxa3 Bxc3 19. Bd2 Bb2 20. Qa4 Bc6 21.
Qc4 d5 22. exd5 Bxd5 23. Qa4 Qd6 24. Bf4 Qe7 25. Ne5 Nxe5 26. Bxe5 Bxe5 27. Rxe5
c4 28. Qb4 Kf7 29. Qxe7+ Kxe7 30. Re3 Kd6 31. Kf1 Kc5 32. Ke2 Kd4 33. Kd2 e5 34.
f3 Bc6 35. h4 h5 36. Rc3 Bd7 37. Rc1 Ba4 38. Rb1 c3+ 39. Kc1 Bc6 40. Rb6 Bd5 41.
Rxg6 Bf7 42. Rg7 Be8 43. g4 e4 44. fxe4 hxg4 45. Rxg4 Bf7 1-0